Random Sequential African Countries on a Map - With Wammies - Statistics

General Stats
  • This quiz has been taken 48 times
  • The average score is 15 of 54
Answers on the Map
Answers color-coded by a green-red scale on the quiz's map according to % correct below.
 
Answer Stats
Country % Correct
Cape Verde
50%
Egypt
44%
South Sudan
44%
Central African Republic
38%
Comoros
38%
Guinea
38%
São Tomé and Príncipe
38%
Somalia
38%
Togo
38%
Benin
31%
Botswana
31%
Burkina Faso
31%
Eswatini
31%
Ethiopia
31%
Lesotho
31%
Libya
31%
Mali
31%
Mauritania
31%
Mauritius
31%
Mozambique
31%
Namibia
31%
Niger
31%
South Africa
31%
Sudan
31%
Zambia
31%
Zimbabwe
31%
Angola
25%
Burundi
25%
Cameroon
25%
D. R. Congo
25%
Equatorial Guinea
25%
Gabon
25%
Guinea-Bissau
25%
Ivory Coast
25%
Liberia
25%
Madagascar
25%
Morocco
25%
Nigeria
25%
Rep. of the Congo
25%
Rwanda
25%
Senegal
25%
Tanzania
25%
Uganda
25%
Algeria
19%
Chad
19%
Djibouti
19%
Eritrea
19%
Gambia
19%
Ghana
19%
Kenya
19%
Malawi
19%
Seychelles
19%
Sierra Leone
19%
Tunisia
19%
No matching quizzes found
Score Distribution
Percent of People with Each Score
Percentile by Number Answered
Your Score History
You have not taken this quiz